01004cam a2200289 i 450000100090000000300040000900500170001300800410003001000170007102000220008803500130011004000280012304200080015105000240015908200190018310000370020224500880023926400430032730000230037033600260039333700280041933800270044750400530047458300410052760000270056877601190059520663709OSt20260616124010.0180910s2019 ilu b 001 0beng  a 2018042368 a9781433562938qtp a20663709 aDLCbengcDLCerdadDLC apcc00aBS580.J6bL465 201900a222/.110922231 aLennox, John C.,d1943-eauthor.10aJoseph :ba story of love, hate, slavery, power, and forgiveness /cJohn C. Lennox. 1aWheaton, Illinois :bCrossway,c[2019] a232 pages ;c22 cm atextbtxt2rdacontent aunmediatedbn2rdamedia avolumebnc2rdacarrier aIncludes bibliographical references and indexes. aCataloguing:c20260616kgtanuigtanui00aJosephc(Son of Jacob)08iOnline version:aLennox, John C., 1943- author.tJosephdWheaton : Crossway, 2019z9781433562945w(DLC) 2018054419